Judy Blume Fiction Quiz Stats

 Plays Quiz Updated Feb 10, 2014

Support Sporcle.
Go Orange.
Score 0/26 Timer 06:00
0 Plays Today
Year Title % Correct
1970Are You There, God? It's Me, Margaret
81.1%
1980Superfudge
71.3%
1972Tales of a Fourth Grade Nothing
55.7%
1974Blubber
46.7%
1975Forever
39.8%
1981Tiger Eyes
35.7%
1973Deenie
35.4%
1972Otherwise Known as Sheila the Great
28.8%
1971Freckle Juice
28.1%
1990Fudge-a-mania
27.6%
1971Then Again, Maybe I Won't
27%
1998Summer Sisters
26.5%
1978Wifey
26.3%
Year Title % Correct
2002Double Fudge
22.3%
1970Iggie's House
19.3%
1977Starring Sally J. Freedman As Herself
18%
1987Just As Long As We're Together
16.8%
1969The One in the Middle is the Green Kangaroo
16.3%
1993Here's to You, Rachel Robinson
16%
1971It's Not the End of the World
15.6%
1984The Pain and The Great One
12.5%
1983Smart Women
10.6%
2007Soupy Saturdays with the Pain and the Great One
6.2%
2008Going, Going, Gone! with the Pain and the Great One
5.8%
2009Friend or Fiend? with the Pain and the Great One
5.2%
2008Cool Zone with the Pain and the Great One
4.7%

From the Vault

Countries in Debt

by Matt

With the economy tanking worldwide, we can't help but wonder how much out of date these debt estimates might be.
Remove Ads.
Support Sporcle.
Get the best of Sporcle when you Go Orange. This ad-free experience offers more features, more stats, and more fun while also helping to support Sporcle. Thank you for becoming a member.

Show Comments

Extras

Top Quizzes Today


Score Distribution

Your Account Isn't Verified!

In order to create a playlist on Sporcle, you need to verify the email address you used during registration. Go to your Sporcle Settings to finish the process.

Report this User

Report this user for behavior that violates our Community Guidelines.

Details: